[Event "Spijkenisse op"]
[Site "Spijkenisse"]
[Date "2010.05.16"]
[Round "5"]
[White "Looy, Gijsbert"]
[Black "Van Buuren, Fabian"]
[Result "1/2-1/2"]
[WhiteElo "1758"]
[BlackElo "2057"]
[PlyCount "47"]
[EventDate "2010.05.14"]
[EventType "swiss"]
[EventRounds "6"]
[EventCountry "NED"]
[SourceTitle "CBM 136 Extra"]
[Source "ChessBase"]
[SourceDate "2010.07.02"]
[SourceVersion "2"]
[SourceVersionDate "2010.07.15"]
[SourceQuality "1"]

1. d4 Nf6 2. Bg5 h6 3. Bxf6 exf6 4. e4 b6 5. Nc3 Bb4 6. Nge2 Bb7 7. a3 Bxc3+ 8. Nxc3 0-0 9. Bc4 f5 10. e5 Bxg2 11. Rg1 d5 12. Bb3 Be4 13. Qh5 Kh7 14. f3 g6 15. Qh3 c5 16. fxe4 dxe4 17. Bd5 cxd4 18. Nxe4 fxe4 19. Bxe4 Na6 20. Bxa8 Qxa8 21. 0-0-0 Qd5 22. Qd3 Nc5 23. Qxd4 Qa2 24. Rg3 1/2-1/2

[Event "Spijkenisse op"]
[Site "Spijkenisse"]
[Date "2010.05.15"]
[Round "3"]
[White "Van den Ouden, Lendert"]
[Black "Looy, Gijsbert"]
[Result "1-0"]
[WhiteElo "2051"]
[BlackElo "1758"]
[PlyCount "63"]
[EventDate "2010.05.14"]
[EventType "swiss"]
[EventRounds "6"]
[EventCountry "NED"]
[SourceTitle "CBM 136 Extra"]
[Source "ChessBase"]
[SourceDate "2010.07.02"]
[SourceVersion "2"]
[SourceVersionDate "2010.07.15"]
[SourceQuality "1"]

1. Nf3 d5 2. d4 e6 3. c4 Nf6 4. g3 Be7 5. Bg2 0-0 6. 0-0 Nbd7 7. Qc2 c5 8. cxd5 Nxd5 9. dxc5 Nxc5 10. a3 a5 11. e4 Nf6 12. Rd1 Qb6 13. Nc3 Qb3 14. Qe2 Na4 15. Nb5 Bd7 16. Rxd7 Nxd7 17. Nfd4 Nc3 18. bxc3 Qa4 19. e5 Nc5 20. Rb1 Rad8 21. Be3 Rd7 22. Bf3 Na6 23. Be4 Rc8 24. Bd3 g6 25. h4 Bf8 26. Bg5 Rc5 27. Bf6 Nc7 28. h5 Nd5 29. hxg6 hxg6 30. c4 Nxf6 31. exf6 Rc8 32. Nxe6 1-0